| 000 | 00520nam a2200169 a 4500 | ||
|---|---|---|---|
| 005 | 20140412111327.0 | ||
| 008 | 110128s19uu xx 00 eng d | ||
| 020 | _a0-7668-2408-x | ||
| 050 |
_aTR(GS 372.5'044 _bS35 2002 |
||
| 100 | _aSchirrmacher, Robert | ||
| 245 |
_aArt and Creative development for young children / _cRobert Schirrmacher. |
||
| 260 |
_aU.S.A : _bThomson learning, _c2002. |
||
| 300 | _a403p. | ||
| 650 | _aArt - study and teaching | ||
| 650 | _aCreative ability - united states | ||
| 999 |
_c104734 _d104734 |
||